Unterwegs zur Sprache
Guardat en:
| Format: | Llibre |
|---|---|
| Idioma: | alemany |
| Publicat: |
Tubinga
Neske
1959
|
| Edició: | 3a. ed |
| Matèries: | |
| Etiquetes: |
Afegir etiqueta
Sense etiquetes, Sigues el primer a etiquetar aquest registre!
|
MARC
| LEADER | 00000nam a2200000 a 4500 | ||
|---|---|---|---|
| 001 | UCZ5597 | ||
| 003 | CL-VaPUC | ||
| 008 | 951124e19590000GW |||||||||||||||||ger|d | ||
| 082 | 0 | 4 | |a 142.7 |b HEI |2 21 |
| 245 | 1 | 0 | |a Unterwegs zur Sprache |
| 250 | |a 3a. ed | ||
| 300 | |a 269 p | ||
| 942 | |c BK | ||
| 945 | |d 19951124 00:00:00 |a cmena | ||
| 260 | |a Tubinga |b Neske |c 1959 | ||
| 650 | 0 | |a Existencialismo |9 265698 | |
| 650 | 0 | |a Escuelas filosóficas |9 266232 | |
| 650 | 0 | |a Fenomenología |9 256519 | |
| 650 | 0 | |a Filosofía alemana |9 265002 | |
| 650 | 0 | |a Lógica |9 256849 | |
| 583 | |a last modification |c 19951124 00:00:00 |k Rodrigo Vera | ||
| 999 | |c 241890 |d 241888 | ||
| 952 | |0 0 |1 0 |4 0 |6 142_700000000000000_HEI_1959 |7 0 |8 P |9 254519 |a BIBEDU |b BIBEDU |c BIBEDU_PB |d 2019-11-19 |i 1598147 |o 142.7 HEI 1959 |p 1598147 |r 2024-01-25 |w 2019-11-19 |y BK |k FIL | ||